Statistics for Geography starting with A

Click here to take the quiz!

General Stats

  • This quiz has been taken 28 times
  • The average score is 8 of 10

Answer Stats

LettersClueAnswer% Correct
4Most populous continentAsia
100%
6City named after Greek goddessAthens
96%
9Largest country in OceaniaAustralia
96%
8US State whose capital is Little RockArkansas
89%
5Longest continental mountain range in the worldAndes
85%
10Caucasus country capital BakuAzerbaijan
85%
11Country Soviet Union invaded in 1979Afghanistan
85%
12Capital of MadagascarAntananarivo
70%
7Southern California city that is Disneylands homeAnaheim
63%
13Home of painter CezanneAix-en-Provence
4%

Score Distribution

Percentile by Number Answered

Percent of People with Each Score

Your Score History

You have not taken this quiz